|
|
|
|
| LEADER |
01078cam a2200313 7i4500 |
| 001 |
0000029018 |
| 005 |
20130118090000.0 |
| 020 |
0 |
0 |
|a 9781552572184
|
| 090 |
0 |
0 |
|a CAND 338.7025
|b ONT
|
| 245 |
0 |
0 |
|a Ontario business directory 2012 :
|b vol. 4 :
|b vol. 4 :
|b Norther & Eastern Ontario.
|
| 260 |
0 |
0 |
|a Ontario:
|b Scott's Directories,
|c 2012.
|
| 300 |
# |
# |
|a [v.p].
|
| 500 |
0 |
0 |
|a Library has volume 1 : Metro Toronto
|
| 500 |
0 |
0 |
|a Volume 2 : Toronto boundary
|
| 500 |
0 |
0 |
|a Volume 3 : Southwestern Ontario
|
| 500 |
0 |
0 |
|a Volume 4 : Norther & Eastern Ontario
|
| 650 |
0 |
0 |
|a Companies --
|x Directories --
|z East York
|
| 650 |
0 |
0 |
|a Companies --
|x Directories --
|z Etobicoke
|
| 650 |
0 |
0 |
|a Companies --
|x Directories --
|z North York
|
| 650 |
0 |
0 |
|a Companies --
|x Directories --
|z Scarborough
|
| 650 |
0 |
0 |
|a Companies --
|x Directories --
|z York
|
| 651 |
0 |
0 |
|a East York
|
| 651 |
0 |
0 |
|a Etobicoke
|
| 651 |
0 |
0 |
|a North York
|
| 651 |
0 |
0 |
|a Scarborough
|
| 651 |
0 |
0 |
|a Toronto
|
| 651 |
0 |
0 |
|a York
|
| 651 |
0 |
0 |
|a Canada
|
| 999 |
|
|
|a B000031726
|b Directories
|c Countries
|e Business Information Centre
|